| 000 | 00574nam a2200193Ia 4500 | ||
|---|---|---|---|
| 001 | 23564 | ||
| 003 | GE_BSU | ||
| 008 | 181216s||||||||xx |||||||||||||| ||und|| | ||
| 040 | _cGE_BSU | ||
| 245 | _aПсихология обучения, №8 август, 2018. | ||
| 245 | _cГл. ред. Т. Н. Березина и др. | ||
| 260 | _aмосква | ||
| 260 | _c2018г | ||
| 300 | _a156ст;24см; | ||
| 653 | _aПериодика | ||
| 653 | _aПсихология обучения, №8ажгуст, 2018. | ||
| 653 | _aპერიოდიკა | ||
| 942 | _cCR | ||
| 999 |
_c56451 _d56451 |
||